000 00495nam a2200169Ia 4500
003 GCL
008 140319s9999 xx 000 0 eng d
040 _aGCL /
_cGCL
082 0 4 _a624.18342
_bW D
100 1 _aWAKED, KALIL I.
245 1 0 _aDESIGN OF RENFORCED CONCRETE B E A M S ACCORDING TO NEW EGYPTIAN CODE CONCEPT, 2RD , 3RD ED /
_cWAKED, KALIL I.
260 _a[S.N] :
_bSCIENTIFIC BOOK HOUSE ،
_c1991
300 _a146 P
650 0 4 _aBEAMS
650 0 4 _aCONCRETE
942 _2ddc
_cBK
999 _c15305
_d15305